| 000 | 00655nam a2200253Ia 4500 | ||
|---|---|---|---|
| 003 | OSt | ||
| 005 | 20220912151135.0 | ||
| 006 | a|||||r|||| 00| 0 | ||
| 007 | ta | ||
| 008 | 220909b |||||||| |||| 00| 0 eng d | ||
| 024 | _a34813 | ||
| 037 | _cTextual | ||
| 040 |
_aCSL _beng _cCSL |
||
| 041 | _aeng | ||
| 082 | _aY76:6.N, L1 | ||
| 100 | _aGoody Jack | ||
| 245 | 0 | _aTechnology, tradition and the state in Africa | |
| 260 |
_aLondon _bOxford University Press _c1971 |
||
| 300 |
_aviii, 88p. _ccm. |
||
| 650 | _a Africans | ||
| 650 | _aAnthropology | ||
| 942 |
_hY76:6.N, L1 _cTEXL _2CC |
||
| 999 |
_c62173 _d62173 |
||